000 00516nam a2200193Ia 4500
005 20250423095412.0
008 250422s9999 xx 000 0 und d
020 _a9789789156450
050 _aHF 5635 .I84/
100 _aIshola, K.A.
245 0 _aFoundation in accounting : IFRS compliant
250 _a2nd ed.
260 _aKwara State
260 _bKastas Publisers Nigeria Limited
260 _c2022
300 _a914 p
650 _aAccounting. Accounting--Problems, exercises, etc.
942 _cBK
999 _c30162
_d30162